[Event "Paris Immopar"]
[Site "Paris"]
[Date "1990.??.??"]
[Round "?"]
[White "Gulko, Boris F"]
[Black "Short, Nigel D"]
[Result "0-1"]
[WhiteElo "2610"]
[BlackElo "2635"]
[PlyCount "56"]
[EventDate "1990.??.??"]
[Source "www.chesslib.no"]
[SourceDate "2004.05.04"]

1. d4 e6 2. Nf3 f5 3. g3 Nf6 4. Bg2 Be7 5. c4 O-O 6. O-O c6 7. Qc2 a5 8. Nc3 d5 9. b3 Bd7 10. Bf4 Be8 11. Rfd1 h6 12. cxd5 cxd5 13. Na4 Na6 14. Rac1 Ba3 15. Nb2 Bb5 16. Bf1 Ne4 17. e3 Nb4 18. Qb1 Bxf1 19. Rxf1 Bxb2 20. Qxb2 Nd3 21. Qa3 Nxc1 22. Rxc1 Rc8 23. Be5 Rxc1+ 24. Qxc1 Qc8 25. Qd1 Qc3 26. Nh4 Rc8 27. Kg2 Qc2 28. Qf3 Qd2 0-1

[Event "Wch-15"]
[Site "?"]
[Date "1990.??.??"]
[Round "?"]
[White "Webb, Simon"]
[Black "O Duill, Anthony Francis"]
[Result "1/2-1/2"]
[WhiteElo "2610"]
[BlackElo "2575"]
[PlyCount "50"]
[EventDate "1990.??.??"]
[Source "www.chesslib.no"]
[SourceDate "2004.05.04"]

1. d4 f5 2. Nf3 Nf6 3. g3 e6 4. Bg2 Be7 5. O-O O-O 6. c4 Ne4 7. d5 Bf6 8. Qc2 d6 9. Nfd2 exd5 10. cxd5 Nc5 11. Nc3 a5 12. b3 Nba6 13. Bb2 Bd7 14. a3 Qe7 15. e3 Rae8 16. Ne2 Bxb2 17. Qxb2 Bb5 18. Nd4 Bxf1 19. Rxf1 Qf6 20. Qc3 g5 21. Qxa5 f4 22. Qc3 fxe3 23. fxe3 Qe5 24. Re1 Qf6 25. Rf1 Qe5 1/2-1/2

[Event "EUCup prel"]
[Site "Solingen GER"]
[Date "1989.10.10"]
[Round "1.1"]
[White "Cebalo, Miso"]
[Black "Short, Nigel D"]
[Result "1/2-1/2"]
[WhiteElo "2485"]
[BlackElo "2660"]
[PlyCount "66"]
[EventDate "1989.10.10"]
[Source "www.chesslib.no"]
[SourceDate "2004.05.04"]

1. d4 e6 2. c4 f5 3. Nf3 Nf6 4. g3 Be7 5. Bg2 O-O 6. O-O c6 7. b3 a5 8. Ba3 d5 9. Bxe7 Qxe7 10. Nc3 Nbd7 11. Qc2 b6 12. Ne5 Bb7 13. Nxd7 Nxd7 14. cxd5 cxd5 15. e3 Rac8 16. Rac1 b5 17. Qd2 b4 18. Na4 Bc6 19. Nb2 Bb5 20. Rfe1 Nf6 21. f3 e5 22. dxe5 Qxe5 23. f4 Qe6 24. Nd3 Bxd3 25. Qxd3 Rfe8 26. Rxc8 Rxc8 27. Rd1 g6 28. Kf1 Rc5 29. Bf3 h5 30. Qd4 Rc2 31. Rd2 Rxd2 32. Qxd2 Ne4 33. Qd4 Qc6 1/2-1/2

[Event "First Saturday GM - Febbraio 2008"]
[Site "Budapest UNG"]
[Date "2008.02.13"]
[Round "12"]
[White "Ilincic, Zlatko"]
[Black "Bui, Vinh"]
[Result "1-0"]
[WhiteElo "2561"]
[BlackElo "2482"]
[PlyCount "95"]
[EventDate "2008.02.02"]
[Source "www.chesslib.no"]
[SourceDate "2004.05.04"]

1. d4 f5 2. Nf3 Nf6 3. g3 e6 4. Bg2 Be7 5. c4 O-O 6. Nc3 Ne4 7. Qd3 Nxc3 8. Qxc3 Bf6 9. b4 d6 10. Ba3 Nd7 11. Rd1 Qe7 12. O-O a6 13. e4 fxe4 14. Nd2 d5 15. cxd5 exd5 16. b5 Qd8 17. Bxf8 Nxf8 18. a4 Ne6 19. Nb3 axb5 20. axb5 Ra4 21. f3 Bd7 22. fxe4 Bxb5 23. Rf5 Bc4 24. exd5 Bxb3 25. Qxb3 Nxd4 26. Qxa4 Nxf5 27. Bh3 Nd6 28. Qd7 Qxd7 29. Bxd7 Kf8 30. Re1 Bc3 31. Re2 b5 32. Kf2 b4 33. Ba4 Kf7 34. Bc2 g6 35. Bb3 Kf8 36. Ke3 Nf5+ 37. Kd3 Nd4 38. Rf2+ Ke7 39. Ba4 Nf5 40. Re2+ Kf7 41. Kc4 h5 42. Kc5 Ne7 43. Bb3 Kf8 44. Re6 Bd2 45. Kb5 Bc3 46. Ka6 Ke8 47. Kb7 Kd8 48. Ba4 1-0

[Event "XII GM"]
[Site "Lippstadt"]
[Date "2004.08.01"]
[Round "9"]
[White "Jakubowski, Krzysztof"]
[Black "Buhmann, Rainer"]
[Result "1/2-1/2"]
[WhiteElo "2508"]
[BlackElo "2532"]
[PlyCount "122"]
[EventDate "2004.07.24"]
[Source "Roberto Alvarez"]
[SourceDate "2004.08.17"]

1. d4 d5 2. Nf3 c6 3. c4 e6 4. Nbd2 f5 5. g3 Nf6 6. Bg2 Be7 7. O-O O-O 8. Qc2 b6 9. b3 Bb7 10. Bb2 Na6 11. Ne5 Rc8 12. Rad1 Qe8 13. Qb1 Qh5 14. Ndf3 g5 15. Qc1 Ne4 16. Ba3 c5 17. dxc5 bxc5 18. cxd5 exd5 19. Bb2 Rf6 20. Nd2 Re8 21. Nxe4 fxe4 22. h3 Re6 23. f4 gxf4 24. gxf4 Bf6 25. Ng4 Bxb2 26. Qxb2 Rf8 27. f5 Rb6 28. Qe5 Qe8 29. Rxd5 Bxd5 30. Qxd5+ Kh8 31. f6 Re6 32. Qf5 Qc6 33. Kh1 Nc7 34. Rf4 Qd5 35. Bxe4 Qxf5 36. Bxf5 Rxe2 37. Bd3 Nd5 38. Rf5 Ne3 39. Rh5 Re1+ 40. Kh2 Nxg4+ 41. hxg4 Rxf6 42. Rxh7+ Kg8 43. Rxa7 Re3 44. Bc4+ Kf8 45. Kg2 Rf4 46. g5 Re5 47. Kg3 Rd4 48. Rf7+ Ke8 49. Rg7 Re3+ 50. Kf2 Rh3 51. a4 Rd2+ 52. Kg1 Rg3+ 53. Kf1 Rc3 54. Rg8+ Kd7 55. Rg7+ Kd6 56. Rg6+ Ke5 57. Re6+ Kf5 58. Re2 Rxe2 59. Kxe2 Kxg5 60. Kd2 Rh3 61. a5 Kf4 1/2-1/2

[Event "Wch-15"]
[Site "Wch-15"]
[Date "1990.??.??"]
[Round "?"]
[White "Chapman, Roger"]
[Black "O Duill, Anthony Francis"]
[Result "1/2-1/2"]
[WhiteElo "2455"]
[BlackElo "2575"]
[PlyCount "122"]
[EventDate "1990.??.??"]
[Source "www.chesslib.no"]
[SourceDate "2004.05.04"]

1. d4 f5 2. g3 Nf6 3. Bg2 e6 4. Nf3 Be7 5. O-O O-O 6. c4 Ne4 7. Nbd2 d5 8. b3 c5 9. Bb2 Bf6 10. e3 b6 11. Qc2 Bb7 12. Ne5 Bxe5 13. dxe5 Nc6 14. Rad1 Qe7 15. f3 Nb4 16. Qb1 Nxd2 17. Rxd2 dxc4 18. bxc4 Rad8 19. Rfd1 Rxd2 20. Rxd2 Rd8 21. Bc3 Rxd2 22. Bxd2 Nc6 23. Bc3 Qd7 24. a3 Nd8 25. Qc2 Nf7 26. Kf2 g5 27. g4 fxg4 28. fxg4 Bxg2 29. Kxg2 Qb7+ 30. e4 Qd7 31. Kf2 h6 32. Ke2 Kh7 33. Ke3 Nh8 34. Qd2 Qxd2+ 35. Kxd2 Ng6 36. Ke3 Kg8 37. Kf3 Kf7 38. Ke2 Ke8 39. Ke3 Kd7 40. Kd3 Kc6 41. Kc2 b5 42. Kb3 Nh4 43. cxb5+ Kxb5 44. a4+ Kc6 45. Kc4 Nf3 46. h3 a6 47. Bb2 Kb6 48. Bc3 Ng1 49. Bd2 Nxh3 50. Be3 Ka5 51. Bxc5 Kxa4 52. Bf8 a5 53. Bxh6 Ka3 54. Bf8+ Kb2 55. Kb5 Kc3 56. Kxa5 Kd4 57. Kb5 Ke3 58. Kc6 Kf3 59. Kd6 Nf4 60. Ke7 Kxg4 61. Kf6 Kh5 1/2-1/2

[Event "New York USA"]
[Site "?"]
[Date "1986.??.??"]
[Round "?"]
[White "Dlugy Maxim"]
[Black "Bischoff Klaus"]
[Result "0-1"]
[WhiteElo "2545"]
[BlackElo "2475"]
[PlyCount "81"]
[EventDate "1986.??.??"]
[Source "www.chesslib.no"]
[SourceDate "2004.05.04"]

1. d4 e6 2. c4 f5 3. Nf3 Nf6 4. g3 Be7 5. Bg2 O-O 6. O-O Ne4 7. b3 Bf6 8. Bb2 d6 9. Qc2 Nc6 10. a3 e5 11. d5 Ne7 12. Nfd2 Nxd2 13. Qxd2 g5 14. f4 gxf4 15. gxf4 Ng6 16. e3 Rf7 17. Kh1 Bd7 18. Nc3 Qf8 19. Ne2 Re8 20. Ng3 Qh6 21. Ra2 Rg7 22. Qf2 Nh4 23. Bh3 Rg6 24. Bc1 e4 25. Bb2 Bxb2 26. Rxb2 Kf7 27. Qe2 Ke7 28. Qh5 Qxh5 29. Nxh5 Reg8 30. Ng3 Rxg3 31. hxg3 Rxg3 32. Bg2 Rxe3 33. Kg1 Ng6 34. Kf2 Rc3 35. Rh1 Nxf4 36. Bf1 h5 37. Rh4 Rf3+ 38. Kg1 Kf6 39. Bg2 Kg5 40. Bxf3 Kxh4 41. Bd1 0-1

[Event "San Martin"]
[Site "San Martin"]
[Date "1994.??.??"]
[Round "5"]
[White "Soppe, G."]
[Black "Larsen, Bent"]
[Result "1-0"]
[WhiteElo "2430"]
[BlackElo "2560"]
[PlyCount "87"]
[EventDate "1994.04.??"]
[Source "www.chesslib.no"]
[SourceDate "2004.05.04"]

1. d4 f5 2. g3 Nf6 3. Bg2 e6 4. Nf3 Be7 5. O-O O-O 6. c4 c6 7. b3 a5 8. Bb2 d5 9. Nc3 Bd7 10. c5 Be8 11. a3 Ne4 12. Ne5 Nd7 13. Nxd7 Qxd7 14. Na4 Bd8 15. f3 Nf6 16. b4 Bc7 17. e3 g5 18. Bc3 h5 19. bxa5 Bxa5 20. Bxa5 Rxa5 21. Nb6 Qd8 22. Qd2 Ra7 23. a4 Rf7 24. e4 Nd7 25. exf5 exf5 26. Rfe1 Nxb6 27. cxb6 Ra8 28. a5 Bd7 29. Re5 Qf6 30. f4 Rg7 31. fxg5 Rxg5 32. Kh1 h4 33. gxh4 Rg4 34. Bf3 Rxh4 35. Rg1+ Kf7 36. Rge1 Re4 37. Bxe4 fxe4 38. Qe2 Rg8 39. Rf1 Bg4 40. Rxf6+ Kxf6 41. Re8 Rxe8 42. Qxg4 e3 43. Qe2 Kf5 44. Qh5+ 1-0

[Event "Tashkent Hodzhaev Memorial"]
[Site "Tashkent UZB"]
[Date "1987.??.??"]
[Round "?"]
[White "Rashkovsky, Nukhim N"]
[Black "Makarichev, Sergey Y"]
[Result "1/2-1/2"]
[WhiteElo "2470"]
[BlackElo "2515"]
[PlyCount "39"]
[EventDate "1987.??.??"]
[Source "www.chesslib.no"]
[SourceDate "2004.05.04"]

1. d4 e6 2. c4 f5 3. Nf3 Nf6 4. g3 Be7 5. Bg2 O-O 6. O-O Ne4 7. Nc3 Bf6 8. Qc2 Nxc3 9. bxc3 Nc6 10. e4 fxe4 11. Qxe4 b6 12. d5 Na5 13. c5 Kh8 14. Ne5 bxc5 15. dxe6 Bb7 16. Qe2 Bxg2 17. Kxg2 dxe6 18. Rd1 Qe8 19. Bf4 Nc6 20. Kg1 1/2-1/2

[Event "First Saturday GM - Febbraio 2008"]
[Site "Budapest UNG"]
[Date "2008.02.02"]
[Round "1"]
[White "Prohaszka, Peter"]
[Black "Bui, Vinh"]
[Result "1-0"]
[WhiteElo "2495"]
[BlackElo "2482"]
[PlyCount "175"]
[EventDate "2008.02.02"]
[Source "www.chesslib.no"]
[SourceDate "2004.05.04"]

1. d4 f5 2. g3 Nf6 3. Bg2 e6 4. Nf3 Be7 5. O-O O-O 6. c4 Ne4 7. b3 Bf6 8. Bb2 d6 9. Nbd2 Nc6 10. Ne1 d5 11. e3 b6 12. Nd3 Bb7 13. Nf4 Re8 14. Nxe4 dxe4 15. f3 exf3 16. Qxf3 Na5 17. Qf2 Bxg2 18. Qxg2 c5 19. Rad1 Qe7 20. Ba3 Rac8 21. d5 exd5 22. Nxd5 Qe6 23. Nxf6+ gxf6 24. Qd5 Qxd5 25. Rxd5 Rxe3 26. Rdxf5 Re2 27. Bc1 Rxa2 28. Bh6 Nxb3 29. R5f3 Nd2 30. R3f2 Nxf1 31. Rxa2 Nxg3 32. hxg3 Rc7 33. Rd2 Kf7 34. Kg2 Re7 35. Kf3 a6 36. Ra2 b5 37. Rxa6 bxc4 38. Rc6 Kg6 39. Be3 Re5 40. Bxc5 Rf5+ 41. Kg2 Rd5 42. Bf2 h5 43. Rxc4 Rd6 44. Kf3 Rd3+ 45. Kg2 Kg5 46. Rc8 Kg4 47. Rg8+ Kf5 48. Bb6 Rd6 49. Bc7 Rd7 50. Bb8 Rd1 51. Rh8 Kg6 52. Bf4 Ra1 53. Rg8+ Kf5 54. Be3 Ke4 55. Bf2 Kf5 56. Rc8 Ra2 57. Rc4 Kg6 58. Rf4 Ra6 59. Be3 Kg7 60. Kf3 Ra3 61. Rb4 Ra1 62. Rf4 Ra3 63. Rd4 Ra1 64. Rd6 Ra3 65. Kf4 Ra5 66. Rd7+ Kg6 67. Rd8 Rf5+ 68. Ke4 Re5+ 69. Kf3 Rf5+ 70. Bf4 Ra5 71. Rh8 Kg7 72. Rb8 Kg6 73. Kg2 Ra1 74. Rh8 Ra5 75. Kh3 Kg7 76. Rc8 Ra1 77. Rc1 Ra2 78. Rc3 Ra1 79. Bc1 Ra2 80. Be3 Ra1 81. Rc6 Rf1 82. Bd4 Kg6 83. Kg2 Rf5 84. Rc5 Rg5 85. Rxg5+ fxg5 86. Kf3 Kf5 87. Bc3 Ke6 88. Ke4 1-0

[Event "Europa ch 2008"]
[Site "Plovdiv BUL"]
[Date "2008.04.27"]
[Round "7.85"]
[White "Meier, Georg"]
[Black "Schroll, Gerhard"]
[Result "1/2-1/2"]
[WhiteElo "2560"]
[BlackElo "2410"]
[PlyCount "88"]
[EventDate "2008.04.21"]
[Source "www.chesslib.no"]
[SourceDate "2004.05.04"]

1. d4 f5 2. g3 Nf6 3. Bg2 e6 4. Nf3 Be7 5. c4 O-O 6. Nc3 Ne4 7. O-O Bf6 8. Nxe4 fxe4 9. Ne5 d5 10. f4 c6 11. Bh3 Qb6 12. c5 Qd8 13. b4 Bxe5 14. dxe5 a5 15. bxa5 Qxa5 16. Be3 Qa3 17. Qb3 Qxb3 18. axb3 Rxa1 19. Rxa1 Na6 20. Bd4 Bd7 21. e3 Ra8 22. g4 g6 23. Kf2 Nc7 24. Ra4 Rxa4 25. bxa4 Kf7 26. Bf1 Bc8 27. Be2 Na6 28. Kg3 Nb4 29. Kh4 Nc2 30. Bd1 Nxd4 31. exd4 Kg7 32. Kg3 Kf7 33. Kf2 Ke7 34. Be2 Bd7 35. Kg3 Bc8 36. h4 Bd7 37. a5 Kd8 38. a6 bxa6 39. Bxa6 Kc7 40. Bf1 Kd8 41. Bh3 Ke7 42. Bf1 Kd8 43. Be2 Ke7 44. g5 Be8 1/2-1/2

[Event "Sevilla op"]
[Site "Sevilla"]
[Date "1999.??.??"]
[Round "9"]
[White "Suba, M."]
[Black "Vega, F."]
[Result "1-0"]
[WhiteElo "2550"]
[BlackElo "2410"]
[PlyCount "56"]
[EventDate "1999.??.??"]
[Source "www.chesslib.no"]
[SourceDate "2004.05.04"]

1. c4 f5 2. g3 Nf6 3. d4 e6 4. Bg2 Be7 5. Nf3 O-O 6. O-O c6 7. b3 a5 8. c5 b6 9. cxb6 Ne4 10. Bb2 Qxb6 11. Nc3 Nxc3 12. Bxc3 Na6 13. Ne5 d5 14. Qd2 Nb8 15. Rfc1 Bd6 16. Rab1 Bxe5 17. dxe5 c5 18. Rb2 Bb7 19. Rbc2 Nd7 20. Qf4 Rfc8 21. e3 c4 22. Bd4 Qb4 23. bxc4 Rxc4 24. Rxc4 dxc4 25. Bc3 Qa3 26. Rd1 Qa4 27. Rd6 Nc5 28. Bxb7 Nxb7 1-0

[Event "First Saturday GM - Febbraio 2008"]
[Site "Budapest UNG"]
[Date "2008.02.06"]
[Round "5"]
[White "Farago, Ivan"]
[Black "Bui, Vinh"]
[Result "1/2-1/2"]
[WhiteElo "2475"]
[BlackElo "2482"]
[PlyCount "52"]
[EventDate "2008.02.02"]
[Source "www.chesslib.no"]
[SourceDate "2004.05.04"]

1. d4 f5 2. g3 Nf6 3. Bg2 e6 4. Nf3 Be7 5. O-O O-O 6. c4 Ne4 7. Qc2 Bf6 8. Nbd2 d5 9. b3 Nc6 10. Bb2 Nb4 11. Qd1 c6 12. a3 Na6 13. e3 Bd7 14. Ne5 Be8 15. f4 Bh5 16. Qc2 Rc8 17. Nxe4 fxe4 18. c5 Qe7 19. b4 Nc7 20. h3 Bg6 21. Nxg6 hxg6 22. h4 Kf7 23. Bh3 Rh8 24. Kg2 Ra8 25. Bc3 a6 26. a4 Qd8 1/2-1/2

[Event "TCh-CRO"]
[Site "Rabac"]
[Date "2004.09.12"]
[Round "8"]
[White "Jovanic, Ognjen"]
[Black "Kovacevic, Blazimir"]
[Result "1/2-1/2"]
[WhiteElo "2440"]
[BlackElo "2478"]
[PlyCount "47"]
[EventDate "2004.06.21"]
[Source "Roberto Alvarez"]
[SourceDate "2004.09.21"]

1. d4 e6 2. c4 f5 3. g3 Nf6 4. Bg2 Be7 5. Nf3 O-O 6. O-O Ne4 7. b3 Bf6 8. Bb2 Nc6 9. Ne5 Ne7 10. f3 Ng5 11. Nd2 d6 12. Nd3 c5 13. f4 Nf7 14. dxc5 Bxb2 15. Nxb2 dxc5 16. Nf3 Qc7 17. Nd3 Bd7 18. Qc1 b6 19. Qe3 Nc6 20. Rad1 Rad8 21. Rd2 Bc8 22. Rfd1 Nd4 23. Nde5 Nxf3+ 24. Bxf3 1/2-1/2

[Event "First Saturday GM - Settembre 2007"]
[Site "Budapest UNG"]
[Date "2007.09.08"]
[Round "8"]
[White "Berczes, David"]
[Black "Bui, Vinh"]
[Result "1/2-1/2"]
[WhiteElo "2450"]
[BlackElo "2466"]
[PlyCount "59"]
[EventDate "2007.09.01"]
[Source "www.chesslib.no"]
[SourceDate "2004.05.04"]

1. d4 f5 2. g3 Nf6 3. Bg2 e6 4. c4 Be7 5. Nf3 O-O 6. O-O Ne4 7. b3 Bf6 8. Bb2 d6 9. Nbd2 Nc6 10. Nxe4 fxe4 11. Ne1 d5 12. e3 Bd7 13. f3 exf3 14. Nxf3 Ne7 15. Qe2 Bc6 16. Ne1 Qd6 17. Nc2 dxc4 18. Ba3 Qd7 19. Bxc6 Qxc6 20. bxc4 Rfe8 21. e4 Ng6 22. h4 Rad8 23. h5 Nf8 24. Qg4 Be7 25. Qf4 Bxa3 26. Qf7+ Kh8 27. h6 gxh6 28. Qf6+ Kg8 29. Qf7+ Kh8 30. Qf6+ 1/2-1/2

[Event "It (Open) Schwarzach AUT"]
[Site "?"]
[Date "2005.08.??"]
[Round "3"]
[White "Burmakin Vladimir"]
[Black "Danner Georg"]
[Result "1-0"]
[WhiteElo "2508"]
[BlackElo "2408"]
[PlyCount "125"]
[EventDate "2005.??.??"]
[Source "www.chesslib.no"]
[SourceDate "2004.05.04"]

1. d4 f5 2. g3 Nf6 3. Bg2 e6 4. c4 Be7 5. Nf3 O-O 6. O-O Ne4 7. Ne1 d5 8. cxd5 exd5 9. Nd2 Bf6 10. Ndf3 Nc6 11. Be3 Be6 12. Nd3 Qe7 13. Rc1 Nd8 14. Bf4 c6 15. Be5 Nf7 16. Bxf6 Qxf6 17. Nfe5 Nxe5 18. dxe5 Qh6 19. Rc2 Rad8 20. Qc1 Qxc1 21. Rfxc1 Ng5 22. b4 a6 23. a4 Rfe8 24. b5 axb5 25. axb5 cxb5 26. Rb2 d4 27. Rxb5 Ne4 28. Rxb7 Nc3 29. Bf1 Bd5 30. Ra7 Be4 31. Nf4 Rxe5 32. e3 Rc5 33. exd4 Rxd4 34. Re1 Rd1 35. Rxd1 Nxd1 36. Ne6 Rc1 37. Rxg7+ Kh8 38. Rc7 Rxc7 39. Nxc7 Kg7 40. Ne6+ Kf6 41. Nf4 Nc3 42. Bg2 Bb1 43. Kf1 Nb5 44. Ke2 Ba2 45. Ke3 Nc7 46. Nd3 Bc4 47. Nb4 Ke5 48. f4+ Kd6 49. Kd4 Bb3 50. Bf1 Ne6+ 51. Kc3 Nc5 52. Bd3 Be6 53. Nc2 Ke7 54. Kd4 Nd7 55. Bb5 Nf6 56. Ne3 Ne4 57. Bd3 Nd6 58. Nd5+ Kf7 59. Ke5 Bxd5 60. Kxd5 Nc8 61. Bxf5 Ne7+ 62. Ke5 h6 63. Be4 1-0

[Event "Omsk (Russia)"]
[Site "?"]
[Date "2002.??.??"]
[Round "3"]
[White "Beletsky Alexey"]
[Black "Balashov Yuri S"]
[Result "1/2-1/2"]
[WhiteElo "2395"]
[BlackElo "2521"]
[PlyCount "82"]
[EventDate "2002.??.??"]
[Source "www.chesslib.no"]
[SourceDate "2004.05.04"]

1. d4 e6 2. c4 f5 3. Nf3 Nf6 4. g3 Be7 5. Bg2 O-O 6. O-O Ne4 7. Qc2 Bf6 8. Nbd2 d5 9. Rd1 Nc6 10. e3 a5 11. a3 Qe7 12. b3 Bd7 13. Bb2 Be8 14. Ne5 Bxe5 15. dxe5 Bh5 16. f3 Nxd2 17. Rxd2 dxc4 18. Qxc4 Rfd8 19. Rad1 Rxd2 20. Rxd2 Rd8 21. Rxd8+ Nxd8 22. f4 Qd7 23. Qd4 Qxd4 24. exd4 Bd1 25. d5 Bxb3 26. d6 cxd6 27. exd6 Bd5 28. Bf1 Nf7 29. Bc3 Nxd6 30. Bxa5 Ne4 31. Bb4 Kf7 32. Bd3 Nf6 33. a4 h6 34. h4 g5 35. hxg5 hxg5 36. fxg5 Nh7 37. g4 Kg6 38. gxf5+ exf5 39. a5 Nxg5 40. a6 bxa6 41. Bxa6 f4 1/2-1/2

[Event "Buenos Aires ol (Men)"]
[Site "Buenos Aires"]
[Date "1978.??.??"]
[Round "?"]
[White "Csom, Istvan"]
[Black "Asmundsson, Ingvar"]
[Result "1/2-1/2"]
[WhiteElo "2510"]
[BlackElo "2405"]
[PlyCount "70"]
[EventDate "1978.10.??"]
[Source "www.chesslib.no"]
[SourceDate "2004.05.04"]

1. c4 f5 2. g3 Nf6 3. Bg2 e6 4. Nf3 Be7 5. O-O O-O 6. d4 Ne4 7. Nbd2 Bf6 8. b3 Nc6 9. Bb2 d5 10. e3 b6 11. a3 a5 12. Qc2 Bb7 13. Rfd1 Ne7 14. Ne1 c6 15. Nd3 Qe8 16. Nf1 g5 17. f3 Nd6 18. c5 Ndc8 19. cxb6 Nxb6 20. a4 Ng6 21. e4 dxe4 22. fxe4 f4 23. Nc5 Bc8 24. e5 Be7 25. Be4 Bxc5 26. Qxc5 Nd5 27. Ba3 Ba6 28. Qc2 Nge7 29. Bxh7+ Kg7 30. Bd3 Qh5 31. Ra2 Qf7 32. Bxa6 Rxa6 33. Rd3 Rfa8 34. Qe2 g4 35. Qe4 Rf8 1/2-1/2

[Event "Polanica Zdroj"]
[Site "Polanica Zdroj"]
[Date "1971.??.??"]
[Round "7"]
[White "Pfleger, Helmut"]
[Black "Bednarski, Jacek B"]
[Result "1-0"]
[WhiteElo "2515"]
[BlackElo "2400"]
[PlyCount "113"]
[EventDate "1971.??.??"]
[Source "www.chesslib.no"]
[SourceDate "2004.05.04"]

1. Nf3 f5 2. d4 Nf6 3. c4 e6 4. g3 Be7 5. Bg2 O-O 6. Nc3 Ne4 7. O-O c5 8. Qd3 Nc6 9. Nxe4 Nb4 10. Qb3 fxe4 11. Nd2 cxd4 12. Bxe4 a5 13. a3 a4 14. Qd1 Nc6 15. Qc2 h6 16. Nf3 d5 17. Bd3 Bf6 18. Bf4 Kh8 19. cxd5 Qxd5 20. Be4 Qb5 21. Qd2 Qh5 22. Qd3 e5 23. Bd2 Qf7 24. Rfc1 Be6 25. Bb4 Rfc8 26. Rc5 Nxb4 27. axb4 Bc4 28. Qc2 Rxc5 29. bxc5 Bd5 30. Nd2 Bg5 31. Bxd5 Qxd5 32. Ne4 Be7 33. f3 Ra5 34. Rxa4 Rxa4 35. Qxa4 Bxc5 36. Kg2 b6 37. b4 d3 38. exd3 Bd4 39. Qe8+ Kh7 40. Qe7 Qc6 41. h4 Kg8 42. h5 Qc2+ 43. Kh3 Qxd3 44. Kg4 Bb2 45. Qe8+ Kh7 46. Qg6+ Kh8 47. Nd6 Qd4+ 48. Kh3 Qd5 49. Nf7+ Kg8 50. Nxh6+ Kf8 51. Nf5 e4 52. Nd6 Ke7 53. Nc8+ Kd8 54. Nxb6 Qb5 55. Qd6+ Ke8 56. Qe6+ Kd8 57. Qd6+ 1-0

[Event "11th Metalis Open"]
[Site "Bizovac"]
[Date "2004.02.27"]
[Round "4"]
[White "Cebalo, Miso"]
[Black "Kovacevic, Blazimir"]
[Result "1/2-1/2"]
[WhiteElo "2475"]
[BlackElo "2429"]
[PlyCount "80"]
[EventDate "2004.02.26"]
[Source "Roberto Alvarez"]
[SourceDate "2004.03.01"]

1. Nf3 f5 2. d4 e6 3. g3 Nf6 4. Bg2 Be7 5. O-O O-O 6. c4 Ne4 7. b3 Bf6 8. Bb2 Nc6 9. Nc3 d6 10. Rc1 Qe8 11. d5 Nb4 12. Nd4 Bxd4 13. Qxd4 e5 14. Qd1 Nxc3 15. Rxc3 Nxa2 16. Re3 Nb4 17. f4 e4 18. g4 Rf7 19. Kh1 fxg4 20. Rxe4 Qf8 21. Rd4 Bd7 22. Qd2 a5 23. e4 Re8 24. f5 Qe7 25. Qf4 h5 26. Rd2 Qh4 27. Kg1 Na6 28. f6 gxf6 29. Rdf2 Ref8 30. Qd2 Nc5 31. Qxa5 Nd3 32. Qxc7 Nxf2 33. Rxf2 g3 34. hxg3 Qxg3 35. c5 Rg7 36. Qxd6 Qxd6 37. cxd6 Bh3 38. d7 Rxg2+ 39. Rxg2+ Bxg2 40. Bxf6 Bxe4 1/2-1/2

[Event "Cappelle op"]
[Site "Cappelle la Grande "]
[Date "1996.??.??"]
[Round "4"]
[White "Grabarczyk, Miroslaw"]
[Black "Welling, Gerard"]
[Result "1-0"]
[WhiteElo "2505"]
[BlackElo "2395"]
[PlyCount "93"]
[EventDate "1996.02.??"]
[Source "ChessBase"]

1. d4 e6 2. c4 f5 3. Nf3 Nf6 4. g3 Be7 5. Bg2 O-O 6. O-O c6 7. b3 a5 8. Ba3 Bxa3 9. Nxa3 d6 10. Nb1 Qe7 11. Nc3 e5 12. d5 c5 13. Qd2 Na6 14. e4 Nxe4 15. Nxe4 fxe4 16. Ng5 Bf5 17. Bxe4 Nc7 18. Bxf5 Rxf5 19. Ne4 b6 20. a3 h6 21. b4 axb4 22. axb4 Rff8 23. b5 Rfd8 24. Qc3 Ne8 25. Ra6 Rab8 26. Qa3 Nf6 27. Ra7 Qf8 28. Qf3 Nxe4 29. Qxe4 Qf6 30. Kg2 Rf8 31. f3 Rf7 32. Rxf7 Qxf7 33. Ra1 Kh8 34. Ra6 g6 35. f4 exf4 36. Qxf4 Qg7 37. Qxd6 Rf8 38. Rxb6 Qb2+ 39. Kh3 Qf2 40. Qxg6 Qf1+ 41. Kh4 Rf4+ 42. gxf4 Qxf4+ 43. Kh3 Qf3+ 44. Qg3 Qh5+ 45. Kg2 Qe2+ 46. Kg1 Qd1+ 47. Kf2 1-0

[Event "Solin"]
[Site "Solin"]
[Date "1997.??.??"]
[Round "5"]
[White "Nikolac, Juraj"]
[Black "Zaja, Ivan"]
[Result "1-0"]
[WhiteElo "2455"]
[BlackElo "2440"]
[PlyCount "47"]
[EventDate "1997.??.??"]
[Source "www.chesslib.no"]
[SourceDate "2004.05.04"]

1. d4 e6 2. Nf3 f5 3. g3 Nf6 4. Bg2 Be7 5. O-O O-O 6. c4 c6 7. b3 a5 8. Nbd2 a4 9. Bb2 a3 10. Bc3 b5 11. Rc1 b4 12. Ba1 d5 13. Ne5 Bb7 14. Ndf3 Ne4 15. Nd3 Na6 16. Nfe5 Rf6 17. c5 Rh6 18. f3 Bg5 19. fxe4 Bxc1 20. Qxc1 dxe4 21. Nf2 Nc7 22. Nxe4 Nd5 23. Nd6 Ba6 24. Ndf7 1-0

[Event "Huy Open"]
[Site "Huy"]
[Date "1993.??.??"]
[Round "5"]
[White "Chuchelov, Vladimir"]
[Black "Bellin, Robert"]
[Result "1/2-1/2"]
[WhiteElo "2500"]
[BlackElo "2395"]
[PlyCount "70"]
[EventDate "1993.??.??"]
[Source "www.chesslib.no"]
[SourceDate "2004.05.04"]

1. d4 f5 2. g3 Nf6 3. Bg2 e6 4. Nf3 Be7 5. O-O O-O 6. c4 c6 7. b3 a5 8. Ba3 Bxa3 9. Nxa3 Qe7 10. Qc1 d6 11. Qb2 Nbd7 12. Nc2 e5 13. e3 e4 14. Nd2 d5 15. Qa3 Qe6 16. c5 Ra6 17. b4 axb4 18. Qb3 g5 19. f3 exf3 20. Bxf3 Re8 21. Rae1 Nf8 22. Be2 Ra8 23. Bd3 Ne4 24. Nf3 g4 25. Bxe4 dxe4 26. Nh4 Rxa2 27. d5 Qxd5 28. Qxd5+ cxd5 29. Nxb4 Rb2 30. Nxd5 Re5 31. Rd1 Kg7 32. Nc7 Re7 33. Nd5 Re5 34. Nc7 Re7 35. Nd5 Re5 1/2-1/2

[Event "Torneo GM"]
[Site "Vienna AUT"]
[Date "2008.08.21"]
[Round "6"]
[White "Neubauer, M."]
[Black "Schroll, G."]
[Result "1/2-1/2"]
[WhiteElo "2457"]
[BlackElo "2436"]
[PlyCount "63"]
[EventDate "2008.08.16"]
[Source "www.chesslib.no"]
[SourceDate "2004.05.04"]

1. Nf3 f5 2. g3 Nf6 3. Bg2 e6 4. O-O Be7 5. c4 O-O 6. d4 Ne4 7. Nc3 Bf6 8. Nxe4 fxe4 9. Ne5 d5 10. b3 c5 11. Bb2 cxd4 12. Bxd4 Nc6 13. Nxc6 bxc6 14. Rc1 e5 15. Bb2 Be6 16. cxd5 cxd5 17. Rc6 Qd7 18. Qc2 Rfc8 19. Rc1 Rxc6 20. Qxc6 Rc8 21. Qxc8+ Qxc8 22. Rxc8+ Bxc8 23. Kf1 Kf7 24. e3 Bb7 25. Ke1 d4 26. Bh3 Bd5 27. Bc8 Ke8 28. Ba3 Be7 29. Bxe7 Kxe7 30. Bg4 Kd6 31. Bd1 a5 32. a3 1/2-1/2

[Event "Troll Masters"]
[Site "Gausdal"]
[Date "1994.??.??"]
[Round "1"]
[White "Danielsen, Henrik"]
[Black "Bellin, Robert"]
[Result "1-0"]
[WhiteElo "2480"]
[BlackElo "2405"]
[PlyCount "41"]
[EventDate "1994.01.??"]
[Source "www.chesslib.no"]
[SourceDate "2004.05.04"]

1. d4 e6 2. c4 f5 3. g3 Nf6 4. Bg2 Be7 5. Nf3 O-O 6. O-O c6 7. b3 a5 8. Nc3 d5 9. Bg5 h6 10. Bxf6 Bxf6 11. e3 Nd7 12. Qc2 Qe8 13. cxd5 exd5 14. Na4 Be7 15. Ne5 Nf6 16. Nb6 Ra6 17. Nxc8 Qxc8 18. f3 Ba3 19. Bh3 Nh7 20. e4 dxe4 21. Qc4+ 1-0

[Event "Pico City op"]
[Site "Pico City"]
[Date "1996.??.??"]
[Round "7"]
[White "Llanos, Guillermo"]
[Black "Soppe, Guillermo"]
[Result "1/2-1/2"]
[WhiteElo "2400"]
[BlackElo "2485"]
[PlyCount "50"]
[EventDate "1996.??.??"]
[Source "www.chesslib.no"]
[SourceDate "2004.05.04"]

1. d4 e6 2. c4 f5 3. g3 Nf6 4. Bg2 Be7 5. Nf3 O-O 6. O-O Ne4 7. Qc2 Bf6 8. Nc3 d5 9. Bf4 c6 10. Be5 Be7 11. Bxb8 Rxb8 12. Ne5 Bf6 13. Rad1 Qc7 14. f3 Nd6 15. cxd5 cxd5 16. f4 Bd7 17. Qb3 Bc6 18. e3 Rfc8 19. h3 Qb6 20. g4 Qxb3 21. axb3 Kf8 22. Kf2 Be8 23. Ke2 Ne4 24. Bxe4 fxe4 25. Kd2 Ke7 1/2-1/2